| 000 | 00350nam a22001577a 4500 | ||
|---|---|---|---|
| 003 | SGT | ||
| 020 | _a81-239-0513-0 | ||
| 082 |
_a615.190 _bP05B |
||
| 100 | _aBECKETT, A.H, ED | ||
| 245 | _aPRACTICAL PHARMACEUTICAL CHEMISTRY-1 | ||
| 250 | _a4TH | ||
| 260 |
_aNEW DELHI _bCBS .PUB _c2005 |
||
| 300 | _a326 | ||
| 650 | _aCHEMISTRY | ||
| 942 |
_2ddc _cBK _01 |
||
| 999 |
_c9639 _d9639 |
||